| 000 | 00398nam a2200145Ia 4500 | ||
|---|---|---|---|
| 008 | 211109s9999||||xx |||||||||||||| ||und|| | ||
| 082 |
_a894.8124 _bBHA-U |
||
| 100 | _aBhaskaran Nair, K | ||
| 245 | 0 | _aUpaharam | |
| 260 |
_bMagalodayam Limted _aTrichur _c1970 |
||
| 300 | _a216p. | ||
| 630 | _xGeneral Stack | ||
| 650 |
_aMalayalam Literature _vMalayalam EssaysLiterature _xGeneralia |
||
| 942 | _cBOOK | ||
| 999 |
_c33440 _d33440 |
||